| 000 | 00446cam a2200181ua 4500 | ||
|---|---|---|---|
| 020 | _c70.00 | ||
| 041 |
_aeng _h |
||
| 082 |
_a640 _bPRE/TE |
||
| 100 | _aPremlata, Mullick . | ||
| 245 |
_aText book of home science / _cPremlata Mullick. _hTextual Documents |
||
| 250 |
_a1 / _b. |
||
| 260 |
_aNew Delhi : _bKalyani Publishers , _c1995. |
||
| 300 | _a606 ; . | ||
| 365 | _a70.00 | ||
| 504 | _a | ||
| 942 | _cBK | ||
| 999 |
_c10631 _d10631 |
||